Vplyv inovácie a modernizácie plavebných komôr na ich prevádzku

Vodné dielo Gabčíkovo bolo uvedené do prevádzky v roku 1992. Po tridsiatich rokoch dynamickej prevádzky bolo nevyhnutné zrealizovať modernizáciu jeho plavebných komôr. V rokoch 2019 – 2023 sa realizoval projekt "Inovácia a modernizácia plavebných komôr pre zvýšenie bezpečnosti a intenzity vodnej dop...

Ausführliche Beschreibung

Gespeichert in:
Bibliographische Detailangaben
1. Verfasser: Polhorský, Štefan
Weitere Verfasser: Takáčová, Monika, Farkas, Henrieta
Format: Buchkapitel
Sprache:Slowakisch
Schlagworte:
Tags: Tag hinzufügen
Keine Tags, Fügen Sie das erste Tag hinzu!

MARC

LEADER 00000naa a2200000 4500
001 0313190
005 20251114105719.7
041 0 |a slo 
044 |a SK 
245 1 0 |a Vplyv inovácie a modernizácie plavebných komôr na ich prevádzku  |c Štefan Polhorský, Miriam Takáčová, H. Farkas 
520 |a Vodné dielo Gabčíkovo bolo uvedené do prevádzky v roku 1992. Po tridsiatich rokoch dynamickej prevádzky bolo nevyhnutné zrealizovať modernizáciu jeho plavebných komôr. V rokoch 2019 – 2023 sa realizoval projekt "Inovácia a modernizácia plavebných komôr pre zvýšenie bezpečnosti a intenzity vodnej dopravy na Vodnom diele Gabčíkovo", ktorý bol spolu financovaný Európskou úniou z Nástroja na prepájanie Európy CEF. Po ukončení projektu porovnáme prevádzku a stav jednotlivých konštrukčných častí plavebných komôr SVD – Gabčíkovo pred a po ich inovácii a modernizácii. 
610 2 0 |a vodohospodárstvo 
610 2 0 |a voda 
610 2 0 |a inovácie environmentálne 
610 2 0 |a modernizácia 
610 2 0 |a prevádzka dopravy 
100 1 |a Polhorský, Štefan 
700 1 |a Takáčová, Monika 
700 1 |a Farkas, Henrieta